[Event "Pilsen Region-chT 2223"]
[Site "Czech Republic"]
[Date "2022.11.27"]
[Round "4.1"]
[White "Cisler, Petr"]
[Black "Houska, Jiri"]
[Result "0-1"]
[WhiteElo "2129"]
[BlackElo "2196"]
[PlyCount "78"]
[EventDate "2022.10.09"]
[EventType "team-tourn"]
[EventRounds "11"]
[EventCountry "CZE"]
[SourceTitle "EXT 2024"]
[Source "ChessBase"]
[SourceDate "2023.10.10"]
[SourceVersion "1"]
[SourceVersionDate "2023.10.10"]
[SourceQuality "1"]
[WhiteTeam "Domazlice"]
[BlackTeam "Petrin"]
[WhiteTeamCountry "CZE"]
[BlackTeamCountry "CZE"]

1. e4 e6 2. d4 d5 3. e5 c5 4. Nc3 cxd4 5. Nb5 Nc6 6. Nf3 Bb4+ 7. Bd2 Bc5 8. a3 a5 9. Rb1 Nge7 10. b4 axb4 11. axb4 Bb6 12. Nd6+ Kf8 13. Bd3 Ng6 14. Qe2 Ncxe5 15. Nxe5 Qxd6 16. f4 Bc7 17. Bxg6 hxg6 18. 0-0 Kg8 19. Ra1 Rb8 20. Qb5 Qe7 21. Ra3 Rh5 22. g4 Rxe5 23. fxe5 Bxe5 24. Qd3 Qh4 25. Qe2 Bc7 26. Be1 Qg5 27. Qf3 f5 28. h3 Qd8 29. gxf5 gxf5 30. Qh5 Bd7 31. Rf2 Ra8 32. Rxa8 Qxa8 33. Rg2 Be5 34. Qe2 Bf6 35. h4 Qa6 36. Qd1 Qc4 37. h5 Bb5 38. h6 Qf1+ 39. Kh2 Be5+ 0-1

[Event "Pilsen Region-chT 2223"]
[Site "Czech Republic"]
[Date "2022.11.13"]
[Round "3.2"]
[White "Cisler, Petr"]
[Black "Sott, Pavel"]
[Result "1/2-1/2"]
[WhiteElo "2129"]
[BlackElo "2161"]
[PlyCount "48"]
[EventDate "2022.10.09"]
[EventType "team-tourn"]
[EventRounds "11"]
[EventCountry "CZE"]
[SourceTitle "EXT 2024"]
[Source "ChessBase"]
[SourceDate "2023.10.10"]
[SourceVersion "1"]
[SourceVersionDate "2023.10.10"]
[SourceQuality "1"]
[WhiteTeam "Domazlice"]
[BlackTeam "Line IV"]
[WhiteTeamCountry "CZE"]
[BlackTeamCountry "CZE"]

1. e4 c5 2. Nf3 d6 3. Bb5+ Bd7 4. Bxd7+ Qxd7 5. c4 Nf6 6. d3 g6 7. Bg5 Bg7 8. Nc3 0-0 9. Qd2 e6 10. Bh6 Nc6 11. h4 d5 12. Bxg7 Kxg7 13. e5 Ng4 14. h5 Ngxe5 15. Nxe5 Nxe5 16. Qe3 Nc6 17. Qxc5 b6 18. Qb5 a6 19. Qa4 dxc4 20. h6+ Kh8 21. dxc4 Rfd8 22. Rd1 Nd4 23. Qxd7 Rxd7 24. Rh3 Rc8 1/2-1/2

[Event "CZE-chT2A 1920"]
[Site "Czech Republic"]
[Date "2019.12.15"]
[Round "5.3"]
[White "Cisler, Petr"]
[Black "Vojta, Tomas"]
[Result "0-1"]
[WhiteElo "2131"]
[BlackElo "2353"]
[PlyCount "146"]
[EventDate "2019.10.13"]
[EventType "team-tourn"]
[EventRounds "11"]
[EventCountry "CZE"]
[SourceTitle "EXT 2024"]
[Source "ChessBase"]
[SourceDate "2023.10.10"]
[SourceVersion "1"]
[SourceVersionDate "2023.10.10"]
[SourceQuality "1"]
[WhiteTeam "Domazlice"]
[BlackTeam "Vlasim II"]
[WhiteTeamCountry "CZE"]
[BlackTeamCountry "CZE"]

1. e4 d5 2. exd5 Nf6 3. Bb5+ Nbd7 4. c4 a6 5. Bxd7+ Qxd7 6. Qe2 c6 7. dxc6 Qxc6 8. Nf3 b5 9. b3 e6 10. 0-0 Bb7 11. d4 bxc4 12. bxc4 Rc8 13. Nbd2 Be7 14. d5 exd5 15. Ba3 Rc7 16. Nd4 Qd7 17. Rfe1 Kd8 18. Bxe7+ Qxe7 19. Qd3 Qd7 20. cxd5 Qxd5 21. N2f3 Kc8 22. Re5 Qd6 23. Rae1 Rd8 24. h3 g6 25. Qb1 Nd5 26. Qb2 Nf4 27. Qb3 Nxg2 28. Kxg2 Qxd4 29. Qxb7+ Kxb7 30. Nxd4 Rxd4 31. R1e2 Rd6 32. Re8 h5 33. Rb2+ Kc6 34. Rc2+ Kd7 35. Rce2 Rf6 36. R8e7+ Kd6 37. Re8 Rf5 38. Rd8+ Kc6 39. Red2 Kb7 40. Rb2+ Rb5 41. Rbd2 a5 42. R8d4 Kb6 43. Rd6+ Rc6 44. Rd7 Rg5+ 45. Kf3 Rf5+ 46. Kg2 Rc4 47. R7d3 Kb5 48. Kf1 Ka4 49. Kg2 Rfc5 50. Rf3 f5 51. Rg3 Rc6 52. Rdd3 h4 53. Rgf3 Re6 54. Rd2 Re5 55. Rfd3 g5 56. Rd8 Rc3 57. R8d5 Rc5 58. R5d4+ Kb5 59. a4+ Kb6 60. f4 gxf4 61. Rxf4 Re4 62. Rdf2 Rce5 63. Rb2+ Ka6 64. Rf1 Rb4 65. Ra2 Kb6 66. Rf3 f4 67. Rfa3 Rg5+ 68. Kf2 Rg3 69. Kf1 Kc5 70. Rc2+ Rc4 71. Raa2 Rxc2 72. Rxc2+ Kb4 73. Rf2 f3 0-1

[Event "CZE-chT2A 1112"]
[Site "Czech Republic"]
[Date "2012.03.25"]
[Round "10"]
[White "Cisler, Petr"]
[Black "Houska, Jiri"]
[Result "1-0"]
[WhiteElo "2221"]
[BlackElo "2212"]
[PlyCount "31"]
[EventDate "2011.10.09"]
[EventType "team-tourn"]
[EventRounds "11"]
[EventCountry "CZE"]
[SourceTitle "EXT 2013"]
[Source "ChessBase"]
[SourceDate "2012.11.22"]
[SourceVersion "1"]
[SourceVersionDate "2012.11.22"]
[SourceQuality "1"]
[WhiteTeam "Domazlice"]
[BlackTeam "Plzen Letna"]
[WhiteTeamCountry "CZE"]
[BlackTeamCountry "CZE"]

1. e4 c5 2. Nf3 d6 3. Bb5+ Bd7 4. Bxd7+ Qxd7 5. c4 Nf6 6. d3 Nc6 7. Bg5 g6 8. Bxf6 exf6 9. Nc3 Bg7 10. Qd2 f5 11. 0-0 0-0 12. Nd5 Rae8 13. Rfe1 fxe4 14. dxe4 Nd4 15. Nxd4 Bxd4 16. Qxd4 1-0

[Event "CZE-chT2A 1112"]
[Site "Czech Republic"]
[Date "2012.03.04"]
[Round "9"]
[White "Taborsky, Rostislav"]
[Black "Cisler, Petr"]
[Result "1/2-1/2"]
[WhiteElo "2262"]
[BlackElo "2221"]
[PlyCount "64"]
[EventDate "2011.10.09"]
[EventType "team-tourn"]
[EventRounds "11"]
[EventCountry "CZE"]
[SourceTitle "EXT 2013"]
[Source "ChessBase"]
[SourceDate "2012.11.22"]
[SourceVersion "1"]
[SourceVersionDate "2012.11.22"]
[SourceQuality "1"]
[WhiteTeam "Zizkov"]
[BlackTeam "Domazlice"]
[WhiteTeamCountry "CZE"]
[BlackTeamCountry "CZE"]

1. d4 Nf6 2. c4 c5 3. Nf3 cxd4 4. Nxd4 g6 5. Nc3 Bg7 6. e4 d6 7. Be2 0-0 8. Be3 Nc6 9. Qd2 Bd7 10. 0-0 Ng4 11. Bxg4 Bxg4 12. f4 Bd7 13. b3 Qa5 14. f5 a6 15. Rad1 b5 16. Nxc6 Bxc6 17. Nd5 Qd8 18. Bb6 Qd7 19. f6 exf6 20. Nxf6+ Bxf6 21. Rxf6 Bxe4 22. Bd4 bxc4 23. h3 Qb5 24. Qf4 Qh5 25. Rd2 Rae8 26. Rxd6 Qf5 27. Qh6 f6 28. Rf2 Qg5 29. Qxg5 fxg5 30. Rd7 Rxf2 31. Kxf2 cxb3 32. axb3 Rb8 1/2-1/2

[Event "CZE-chT2A 1011"]
[Site "Czech Republic"]
[Date "2011.03.27"]
[Round "10"]
[White "Cisler, Petr"]
[Black "Havlik, Jan"]
[Result "1/2-1/2"]
[WhiteElo "2236"]
[BlackElo "2373"]
[PlyCount "28"]
[EventDate "2010.10.17"]
[EventType "team-tourn"]
[EventRounds "11"]
[EventCountry "CZE"]
[SourceTitle "EXT 2012"]
[Source "ChessBase"]
[SourceDate "2011.11.24"]
[SourceVersion "1"]
[SourceVersionDate "2011.11.24"]
[SourceQuality "1"]
[WhiteTeam "Domazlice"]
[BlackTeam "Pisek Platan"]
[WhiteTeamCountry "CZE"]
[BlackTeamCountry "CZE"]

1. e4 e5 2. Nf3 Nc6 3. Bb5 Nf6 4. 0-0 Nxe4 5. d4 Nd6 6. Bxc6 dxc6 7. dxe5 Nf5 8. Qxd8+ Kxd8 9. Nc3 Be7 10. Bg5 Be6 11. Rad1+ Ke8 12. Rd2 h5 13. Rfd1 a5 14. a3 b6 1/2-1/2

[Event "CZE-chT2A 1011"]
[Site "Czech Republic"]
[Date "2010.11.21"]
[Round "3"]
[White "Cisler, Petr"]
[Black "Pokrupa, Marek"]
[Result "0-1"]
[WhiteElo "2236"]
[BlackElo "2199"]
[PlyCount "80"]
[EventDate "2010.10.17"]
[EventType "team-tourn"]
[EventRounds "11"]
[EventCountry "CZE"]
[SourceTitle "EXT 2012"]
[Source "ChessBase"]
[SourceDate "2011.11.24"]
[SourceVersion "1"]
[SourceVersionDate "2011.11.24"]
[SourceQuality "1"]
[WhiteTeam "Domazlice"]
[BlackTeam "Line"]
[WhiteTeamCountry "CZE"]
[BlackTeamCountry "CZE"]

1. e4 c5 2. Nf3 g6 3. d4 cxd4 4. Qxd4 Nf6 5. e5 Nc6 6. Qc3 Nd5 7. Qb3 Nc7 8. Bf4 Bg7 9. Nbd2 Ne6 10. Bg3 Qc7 11. 0-0-0 0-0 12. Nc4 b5 13. Ne3 b4 14. Bb5 Qa5 15. Rd5 Qb6 16. Nc4 Qb7 17. Ba4 Nc7 18. Rc5 Ne6 19. Rd5 Nc7 20. Rd2 Ne6 21. Qe3 Qa6 22. Bb3 Qb5 23. Rhd1 Qc5 24. Qe4 a5 25. Ba4 Qa7 26. Bxc6 dxc6 27. Qxc6 a4 28. Kb1 b3 29. Qb6 bxa2+ 30. Kxa2 Ba6 31. Qxa7 Bxc4+ 32. b3 axb3+ 33. cxb3 Rxa7+ 34. Kb2 Rb7 35. Nd4 Nxd4 36. Rxd4 Bxb3 37. Rd7 Bxd1+ 38. Rxb7 e6 39. Rb4 Be2 40. f4 Bf1 0-1

[Event "CZE-chT2A 0910"]
[Site "Czech Republic"]
[Date "2010.03.14"]
[Round "9.1"]
[White "Cisler, Petr"]
[Black "Borkovec, Milan"]
[Result "1/2-1/2"]
[WhiteElo "2212"]
[BlackElo "2209"]
[PlyCount "59"]
[EventDate "2009.10.18"]
[EventType "team-tourn"]
[EventRounds "11"]
[EventCountry "CZE"]
[SourceTitle "EXT 2012"]
[Source "ChessBase"]
[SourceDate "2011.11.24"]
[SourceVersion "1"]
[SourceVersionDate "2011.11.24"]
[SourceQuality "1"]
[WhiteTeam "Domazlice"]
[BlackTeam "Tabor"]
[WhiteTeamCountry "CZE"]
[BlackTeamCountry "CZE"]

1. e4 e5 2. Nf3 Nc6 3. Bb5 a6 4. Ba4 Nf6 5. 0-0 b5 6. Bb3 Be7 7. Re1 d6 8. c3 0-0 9. h3 Nd7 10. d4 Bf6 11. a4 Bb7 12. Be3 Na5 13. Bc2 Nc4 14. Bc1 exd4 15. cxd4 c5 16. axb5 axb5 17. Rxa8 Bxa8 18. b3 Ncb6 19. Bf4 Be7 20. Nc3 b4 21. Nb5 Nc8 22. e5 dxe5 23. dxe5 Ndb6 24. Nd6 Nd5 25. Qd3 g6 26. Bh6 Nxd6 27. exd6 Qxd6 28. Bxf8 Bxf8 29. Qe4 Nc7 30. Qg4 1/2-1/2

[Event "CZE-chT2a 0607"]
[Site "Czech Republic"]
[Date "2006.12.03"]
[Round "4.1"]
[White "Cisler, Petr"]
[Black "Blecha, Miroslav"]
[Result "1-0"]
[WhiteElo "2191"]
[BlackElo "2204"]
[PlyCount "57"]
[EventDate "2006.10.15"]
[EventType "team"]
[EventRounds "11"]
[EventCountry "CZE"]
[SourceTitle "EXT 2009"]
[Source "ChessBase"]
[SourceDate "2008.11.26"]
[SourceVersion "1"]
[SourceVersionDate "2008.11.26"]
[SourceQuality "1"]
[WhiteTeam "Domazlice"]
[BlackTeam "Plzen Loko"]
[WhiteTeamCountry "CZE"]
[BlackTeamCountry "CZE"]

1. e4 c5 2. Nf3 d6 3. Bb5+ Bd7 4. Bxd7+ Qxd7 5. c4 Nc6 6. d4 cxd4 7. Nxd4 Nf6 8. Nc3 g6 9. f3 Nxd4 10. Qxd4 Bg7 11. b3 0-0 12. Bb2 Ng4 13. Qd2 Bh6 14. Qe2 Ne5 15. 0-0 Bg7 16. Rad1 Rfc8 17. Nd5 e6 18. Ne3 Qc6 19. f4 Nd7 20. Bxg7 Kxg7 21. Qb2+ Kg8 22. Ng4 h5 23. Nh6+ Kf8 24. f5 gxf5 25. exf5 e5 26. f6 Qb6+ 27. Kh1 Rxc4 28. Qb1 Rc7 29. Qh7 1-0

[Event "CZE-chT2a 0405"]
[Site "Czech Republic"]
[Date "2005.02.20"]
[Round "8.3"]
[White "Falout, Lubos"]
[Black "Cisler, Petr"]
[Result "1/2-1/2"]
[WhiteElo "2197"]
[BlackElo "2213"]
[PlyCount "72"]
[EventDate "2004.10.17"]
[EventType "team"]
[EventRounds "11"]
[EventCountry "CZE"]
[SourceTitle "EXT 2007"]
[Source "ChessBase"]
[SourceDate "2006.11.23"]
[SourceVersion "1"]
[SourceVersionDate "2006.11.23"]
[SourceQuality "1"]
[WhiteTeam "Plzen Letna"]
[BlackTeam "Domazlice"]
[WhiteTeamCountry "CZE"]
[BlackTeamCountry "CZE"]

1. e4 d5 2. exd5 Nf6 3. Nf3 Nxd5 4. d4 Bg4 5. h3 Bh5 6. c3 e6 7. Bd3 Nd7 8. 0-0 c5 9. Nbd2 cxd4 10. cxd4 Be7 11. Qb3 Qc7 12. Ne5 Nxe5 13. dxe5 0-0 14. Re1 Bb4 15. Be4 Qc5 16. a3 Ba5 17. Qg3 Bc7 18. Nb3 Qb6 19. Bd2 a5 20. Rac1 Bg6 21. Bxg6 hxg6 22. Rc2 a4 23. Nc5 Qb5 24. Re4 Rfc8 25. Rec4 Bb6 26. Bb4 Bxc5 27. Rxc5 Rxc5 28. Rxc5 Qe2 29. Bc3 b6 30. Rc6 Qb5 31. Rd6 Rc8 32. Kh2 Qb3 33. Bd2 Qxg3+ 34. Kxg3 Rc2 35. Bb4 Rxb2 36. Rd8+ Kh7 1/2-1/2

[Event "CZE-chT2a 0405"]
[Site "Czech Republic"]
[Date "2004.11.07"]
[Round "2.5"]
[White "Cisler, Petr"]
[Black "Vavra, Jan"]
[Result "1/2-1/2"]
[WhiteElo "2213"]
[BlackElo "2129"]
[PlyCount "30"]
[EventDate "2004.10.17"]
[EventType "team"]
[EventRounds "11"]
[EventCountry "CZE"]
[SourceTitle "EXT 2007"]
[Source "ChessBase"]
[SourceDate "2006.11.23"]
[SourceVersion "1"]
[SourceVersionDate "2006.11.23"]
[SourceQuality "1"]
[WhiteTeam "Domazlice"]
[BlackTeam "Vrsovice"]
[WhiteTeamCountry "CZE"]
[BlackTeamCountry "CZE"]

1. e4 d5 2. exd5 Nf6 3. d4 Qxd5 4. Nc3 Qa5 5. Bc4 Nc6 6. Nge2 Bg4 7. f3 Bh5 8. Bd2 0-0-0 9. Nb5 Qb6 10. Nec3 Nxd4 11. Nxd4 Rxd4 12. Qe2 Qxb2 13. 0-0 Qxc2 14. Rfd1 e5 15. Rac1 Rxd2 1/2-1/2

[Event "CZE-chTJ 0102"]
[Site "Czech Republic"]
[Date "2002.??.??"]
[Round "1"]
[White "Cisler, Petr"]
[Black "Muron, Miroslav"]
[Result "1/2-1/2"]
[WhiteElo "2208"]
[BlackElo "2201"]
[PlyCount "31"]
[EventDate "2001.??.??"]
[EventType "team"]
[EventRounds "11"]
[EventCountry "CZE"]
[SourceTitle "EXT 2003"]
[Source "ChessBase"]
[SourceDate "2002.11.25"]
[SourceVersion "1"]
[SourceVersionDate "2002.11.25"]
[SourceQuality "1"]
[WhiteTeam "Domazlice"]
[BlackTeam "Praha Dukla II"]
[WhiteTeamCountry "CZE"]
[BlackTeamCountry "CZE"]

1. e4 e5 2. Nf3 Nc6 3. Bb5 a6 4. Bxc6 dxc6 5. 0-0 f6 6. d4 exd4 7. Nxd4 c5 8. Nb3 Qxd1 9. Rxd1 Bg4 10. f3 Bd7 11. Be3 b6 12. a4 a5 13. N3d2 Be6 14. Na3 0-0-0 15. Ndc4 Re8 16. Bf4 1/2-1/2

[Event "CZE-chTJ 0001"]
[Site "Czech Republic"]
[Date "2000.??.??"]
[Round "3"]
[White "Borkovec, Milan"]
[Black "Cisler, Petr"]
[Result "1-0"]
[WhiteElo "2200"]
[BlackElo "2190"]
[PlyCount "117"]
[EventDate "2000.??.??"]
[EventType "team"]
[EventRounds "11"]
[EventCountry "CZE"]
[SourceTitle "EXT 2003"]
[Source "ChessBase"]
[SourceDate "2002.11.25"]
[SourceVersion "1"]
[SourceVersionDate "2002.11.25"]
[SourceQuality "1"]

1. e4 d5 2. exd5 Nf6 3. d4 Nxd5 4. Nf3 g6 5. c4 Nb6 6. Bf4 Bg7 7. Be5 Bxe5 8. Nxe5 c5 9. d5 Qd6 10. Nf3 Bg4 11. Nc3 Qf6 12. h3 Bxf3 13. Qxf3 Qxf3 14. gxf3 N8d7 15. f4 Nc8 16. 0-0-0 Nd6 17. Re1 Nf6 18. Bd3 Kf8 19. Re3 Nh5 20. Rf3 Rd8 21. Re1 Rg8 22. b3 b6 23. a4 a5 24. Re5 Ng7 25. Nb5 Nxb5 26. axb5 Nh5 27. Kc2 Rd7 28. h4 Kg7 29. f5 Kf6 30. fxg6+ Kxe5 31. gxh7 Rh8 32. Rf5+ Kd6 33. Rxh5 f6 34. Bg6 Rdd8 35. Rf5 Rdf8 36. Rf3 e6 37. dxe6 Kxe6 38. Re3+ Kd6 39. f4 Rd8 40. Bf5 Rde8 41. Rd3+ Ke7 42. Rd7+ Kf8 43. Rb7 Re7 44. Rxb6 Kg7 45. Rd6 Rhe8 46. Rd7 Rxd7 47. Bxd7 Rd8 48. Bf5 Rd6 49. Kb2 Rd8 50. Ka3 Rd2 51. Be4 Re2 52. Bd5 Kxh7 53. b6 Re8 54. b7 Kg6 55. Be6 Rb8 56. f5+ Kh5 57. Bc8 Kxh4 58. Ka4 Kg4 59. Kxa5 1-0

[Event "CZE-chTJ 0001"]
[Site "Czech Republic"]
[Date "2000.??.??"]
[Round "3"]
[White "Cisler, Petr"]
[Black "Orsag, Miroslav"]
[Result "0-1"]
[WhiteElo "2190"]
[BlackElo "2205"]
[PlyCount "98"]
[EventDate "2000.??.??"]
[EventType "team"]
[EventRounds "11"]
[EventCountry "CZE"]
[SourceTitle "EXT 2002"]
[Source "ChessBase"]
[SourceDate "2001.11.25"]
[SourceVersion "1"]
[SourceVersionDate "2001.11.25"]
[SourceQuality "1"]

1. e4 c5 2. Nf3 Nc6 3. Bb5 a6 4. Bxc6 bxc6 5. a4 d5 6. Nc3 Bg4 7. d3 e6 8. Bd2 Bd6 9. a5 Ne7 10. Qe2 Qb8 11. Na4 0-0 12. h3 Bxf3 13. Qxf3 f5 14. Qe2 fxe4 15. dxe4 Ng6 16. 0-0 Qd8 17. Qg4 Qf6 18. Rae1 Rae8 19. Bc3 d4 20. Bd2 Rf7 21. Nb6 Ne5 22. Qh5 Qg6 23. Qxg6 Nxg6 24. g3 Bc7 25. Nc4 Ne5 26. Nxe5 Bxe5 27. f4 Bc7 28. b3 Rb8 29. Ra1 d3 30. c4 Rd7 31. Rab1 Bd8 32. Rb2 Rd4 33. Rf3 Rxc4 34. Rxd3 Rxe4 35. Rd7 c4 36. b4 Bxa5 37. Bc3 Bd8 38. Rxg7+ Kf8 39. Rxh7 Re3 40. Be5 Rb5 41. Kf2 Bb6 42. Kg2 c3 43. Rc2 Rxb4 44. Bd6+ Kg8 45. Rb7 Rd4 46. Rxb6 Rd2+ 47. Rxd2 cxd2 48. Rb8+ Kh7 49. Rb7+ Kg6 0-1

[Event "CZE-chTJ 9900"]
[Site "Czech Republic"]
[Date "2000.??.??"]
[Round "?"]
[White "Cisler, Petr"]
[Black "Soukup, Vaclav"]
[Result "1/2-1/2"]
[WhiteElo "2200"]
[BlackElo "2136"]
[PlyCount "29"]
[EventDate "1999.??.??"]
[EventType "team"]
[EventRounds "11"]
[EventCountry "CZE"]
[SourceTitle "EXT 2002"]
[Source "ChessBase"]
[SourceDate "2001.11.25"]
[SourceVersion "1"]
[SourceVersionDate "2001.11.25"]
[SourceQuality "1"]

1. Nf3 Nf6 2. g3 g6 3. Bg2 Bg7 4. 0-0 0-0 5. d3 d5 6. c4 c6 7. Qc2 Re8 8. e4 e5 9. Nc3 d4 10. Ne2 Nbd7 11. Nh4 Nh5 12. Bd2 a5 13. Bf3 Nhf6 14. Bg2 Nh5 15. Bf3 1/2-1/2

[Event "CZE-chTJ 0001"]
[Site "Czech Republic"]
[Date "2000.??.??"]
[Round "3"]
[White "Hlavacek, Jiri"]
[Black "Cisler, Petr"]
[Result "1/2-1/2"]
[WhiteElo "2185"]
[BlackElo "2190"]
[PlyCount "106"]
[EventDate "2000.??.??"]
[EventType "team"]
[EventRounds "11"]
[EventCountry "CZE"]
[SourceTitle "EXT 2002"]
[Source "ChessBase"]
[SourceDate "2001.11.25"]
[SourceVersion "1"]
[SourceVersionDate "2001.11.25"]
[SourceQuality "1"]

1. e4 d5 2. exd5 Nf6 3. d4 Nxd5 4. c4 Nb6 5. Nf3 g6 6. Nc3 Bg7 7. Be2 0-0 8. 0-0 Bg4 9. c5 Nd5 10. Qb3 Nxc3 11. bxc3 b6 12. cxb6 axb6 13. Be3 Nc6 14. Rfd1 Qd6 15. h3 Bf5 16. a4 Na5 17. Qa2 Ra7 18. c4 Qb4 19. Qa3 Qxa3 20. Rxa3 Nc6 21. c5 bxc5 22. d5 Nd4 23. Nxd4 cxd4 24. Bxd4 Bxd4 25. Rxd4 Rd8 26. Bb5 Kf8 27. Rc4 Rxd5 28. Rac3 Bd3 29. Rxc7 Rxc7 30. Rxc7 Bxb5 31. axb5 Rxb5 32. g3 Re5 33. h4 h5 34. Kg2 e6 35. Ra7 Rd5 36. Rb7 Ke8 37. Ra7 Rd7 38. Ra8+ Ke7 39. Ra5 Kf6 40. Rb5 Ra7 41. Rb3 e5 42. Rb6+ Kf5 43. Rb4 Ra6 44. Rb7 f6 45. Rb4 e4 46. Rb5+ Ke6 47. Kf1 Kd6 48. Ke2 Kc6 49. Rb8 Kd5 50. Rg8 f5 51. Rd8+ Rd6 52. Ra8 Ke5 53. Ra5+ Ke6 1/2-1/2